|
|
|
|
| LEADER |
00000cam a2200000 7i4500 |
| 001 |
0000022555 |
| 005 |
20080731.0 |
| 008 |
080731 |
| 020 |
|
|
|a 9833246699
|
| 090 |
0 |
0 |
|a 658.3
|b HIC
|
| 100 |
0 |
|
|a Hickman, Craig R.
|
| 245 |
1 |
0 |
|a Management malpractice :
|b how to cure unhealthy management practices that disable your organization
|c Craig R. Hickman
|
| 260 |
|
|
|a Petaling Jaya, Selangor :
|b Partners Books ,
|c 2006
|
| 650 |
|
0 |
|a Corporate culture
|
| 650 |
|
0 |
|a Organizational behaviors
|
| 650 |
|
0 |
|a Organizational effectiveness
|
| 650 |
|
0 |
|a Personal management
|
| 999 |
|
|
|a 0001036501
|b Book
|c Adult Collection
|e Perbadanan Perpustakaan Awam Johor
|